<?xml version="1.0" encoding="UTF-8"?>
<record
    xmlns:xsi="http://www.w3.org/2001/XMLSchema-instance"
    xsi:schemaLocation="http://www.loc.gov/MARC21/slim http://www.loc.gov/standards/marcxml/schema/MARC21slim.xsd"
    xmlns="http://www.loc.gov/MARC21/slim">

  <leader>02822nam a22003257a 4500</leader>
  <controlfield tag="001">4562</controlfield>
  <controlfield tag="003">FISKH</controlfield>
  <controlfield tag="005">20240919155114.0</controlfield>
  <controlfield tag="008">240916b        cb ||||| |||| 00| 0 eng d</controlfield>
  <datafield tag="020" ind1=" " ind2=" ">
    <subfield code="a">9789995094140</subfield>
  </datafield>
  <datafield tag="040" ind1=" " ind2=" ">
    <subfield code="a">FISKH</subfield>
    <subfield code="b">Bilingual </subfield>
    <subfield code="c">FISKH</subfield>
    <subfield code="d">FISKH</subfield>
  </datafield>
  <datafield tag="050" ind1=" " ind2=" ">
    <subfield code="a">PZ7</subfield>
  </datafield>
  <datafield tag="082" ind1=" " ind2=" ">
    <subfield code="a">200</subfield>
  </datafield>
  <datafield tag="100" ind1=" " ind2=" ">
    <subfield code="a">Sotheary, Kimsun </subfield>
    <subfield code="e">Editor </subfield>
  </datafield>
  <datafield tag="245" ind1=" " ind2=" ">
    <subfield code="a">&#x1780;&#x17D2;&#x179A;&#x1796;&#x17BE;&#x179B;&#x17C4;&#x1780;&#x1793;&#x17C1;&#x1793; /</subfield>
    <subfield code="c">Edit by Kimsun Sotheary : illustrated by Thai San</subfield>
  </datafield>
  <datafield tag="250" ind1=" " ind2=" ">
    <subfield code="a">&#x1785;&#x17C1;&#x1789;&#x1795;&#x17D2;&#x179F;&#x17B6;&#x1799;&#x1781;&#x17C2;&#x1798;&#x1780;&#x179A;&#x17B6; &#x1786;&#x17D2;&#x1793;&#x17B6;&#x17C6;&#x17E2;&#x17E0;&#x17E0;&#x17E9;</subfield>
  </datafield>
  <datafield tag="260" ind1=" " ind2=" ">
    <subfield code="a">&#x1797;&#x17D2;&#x1793;&#x17C6;&#x1796;&#x17C1;&#x1789; : </subfield>
    <subfield code="b">Reading Books ; </subfield>
    <subfield code="c">&#x17E2;&#x17E0;&#x17E0;&#x17E9; . </subfield>
  </datafield>
  <datafield tag="300" ind1=" " ind2=" ">
    <subfield code="a">16 pages : </subfield>
    <subfield code="b">color illustrations ; </subfield>
    <subfield code="c">25 cm . </subfield>
  </datafield>
  <datafield tag="490" ind1=" " ind2=" ">
    <subfield code="a">&#x1796;&#x17B7;&#x1797;&#x1796;&#x179A;&#x17BF;&#x1784;&#x1793;&#x17B7;&#x1791;&#x17B6;&#x1793;</subfield>
  </datafield>
  <datafield tag="505" ind1=" " ind2=" ">
    <subfield code="a">K 
</subfield>
  </datafield>
  <datafield tag="520" ind1=" " ind2=" ">
    <subfield code="a">&#x1780;&#x17B6;&#x179B;&#x1796;&#x17B8;&#x178A;&#x17BE;&#x1798;&#x17A1;&#x17BE;&#x1799;&#x1798;&#x17B6;&#x1793;&#x1780;&#x17D2;&#x179A;&#x1796;&#x17BE;&#x1798;&#x17BD;&#x1799;&#x1788;&#x17D2;&#x1798;&#x17C4;&#x17C7; &#x1793;&#x17B6;&#x1784;&#x17AA;&#x179A;&#x17C3; &#x1787;&#x17B6;&#x1780;&#x17D2;&#x179A;&#x1796;&#x17BE;&#x179A;&#x1794;&#x179F;&#x17CB;&#x179B;&#x17C4;&#x1780;&#x179F;&#x1784;&#x17D2;&#x1783;&#x1785;&#x17B7;&#x1789;&#x17D2;&#x1785;&#x17BA;&#x1798; &#x17D4;&#x1780;&#x17D2;&#x179A;&#x1796;&#x17BE;&#x1793;&#x17C1;&#x17C7;&#x1792;&#x17C6;&#x178F;&#x17C2;&#x1793;&#x17C5;&#x1785;&#x17B6;&#x1789;&#x17CB;&#x1780;&#x17D2;&#x179A;&#x1796;&#x17BE;&#x1798;&#x17BD;&#x1799;&#x1791;&#x17C0;&#x178F;&#x1788;&#x17D2;&#x1798;&#x17C4;&#x17C7;&#x179F;&#x17BB;&#x1796;&#x178E;&#x17CF;&#x1780;&#x17B6;&#x179B;&#x17B8; &#x17D4;&#x200B;&#x1793;&#x17B6;&#x1784;&#x1798;&#x17B6;&#x1793;&#x1794;&#x17C6;&#x1793;&#x1784;&#x1794;&#x17D2;&#x179A;&#x179B;&#x1784;&#x1794;&#x17D2;&#x1789;&#x1791;&#x17D2;&#x1792;&#x17B7;&#x1787;&#x17B6;&#x1798;&#x17BD;&#x1799;&#x1793;&#x17B9;&#x1784;&#x1780;&#x17D2;&#x179A;&#x1796;&#x17BE;&#x179F;&#x17BB;&#x1796;&#x178E;&#x17CF;&#x1780;&#x17B6;&#x179B;&#x17B8; &#x17D4; &#x1793;&#x17B6;&#x1784;&#x1794;&#x17B6;&#x1793;&#x1793;&#x17B7;&#x1798;&#x17B7;&#x178F;&#x17D2;&#x178F;&#x1781;&#x17D2;&#x179B;&#x17BD;&#x1793;&#x1787;&#x17B6;&#x179B;&#x17C4;&#x1780;&#x1793;&#x17C1;&#x1793;&#x178A;&#x17BE;&#x1798;&#x17D2;&#x1794;&#x17BE;&#x179F;&#x17BB;&#x17C6;&#x178A;&#x17C4;&#x1799;&#x179F;&#x17B6;&#x179A;&#x1791;&#x17BC;&#x1780;&#x17A2;&#x17D2;&#x1793;&#x1780;&#x179F;&#x17D2;&#x179A;&#x17BB;&#x1780;&#x17D4;&#x200B; &#x1796;&#x17C1;&#x179B;&#x1798;&#x1780;&#x178A;&#x179B;&#x17CB;&#x1785;&#x17D2;&#x179A;&#x17B6;&#x17C6;&#x1784;&#x1793;&#x17B6;&#x1784;&#x1780;&#x17CF;&#x179F;&#x1798;&#x17D2;&#x178F;&#x17C2;&#x1784;&#x1794;&#x17D2;&#x1789;&#x1791;&#x17B7;&#x17D2;&#x1792;&#x1794;&#x17D2;&#x179A;&#x17C2;&#x1781;&#x17D2;&#x179B;&#x17BD;&#x1793;&#x1787;&#x17B6;&#x1780;&#x17D2;&#x179A;&#x1796;&#x17BE;&#x17A0;&#x17C2;&#x179B;&#x179F;&#x17C6;&#x178A;&#x17C5;&#x1791;&#x17C5;&#x179A;&#x1780;&#x1780;&#x17D2;&#x179A;&#x1796;&#x17BE;&#x179F;&#x17BB;&#x1796;&#x178E;&#x17CF;&#x1780;&#x17B6;&#x179B;&#x17B8; &#x17D4;&#x200B;&#x1780;&#x17D2;&#x179A;&#x1796;&#x17BE;&#x179F;&#x17BB;&#x1796;&#x178E;&#x17CF;&#x1780;&#x17B6;&#x179B;&#x17B8;&#x178F;&#x17D2;&#x179A;&#x17BC;&#x179C;&#x179F;&#x17D2;&#x179B;&#x17B6;&#x1794;&#x17CB;&#x17A0;&#x17BE;&#x1799;&#x1780;&#x17CF;&#x1780;&#x17BE;&#x178F;&#x1787;&#x17B6;&#x1797;&#x17D2;&#x1793;&#x17C6;&#x1788;&#x17D2;&#x1798;&#x17C4;&#x17C7;&#x1790;&#x17B6; &#x179F;&#x17BB;&#x1796;&#x178E;&#x17CF;&#x179B;&#x1780;&#x17B6;&#x179B;&#x17B8; &#x17D4;&#x200B;&#x1780;&#x17D2;&#x179A;&#x17C4;&#x1799;&#x1796;&#x17B8;&#x1791;&#x17BD;&#x179B;&#x1794;&#x17B6;&#x1793;&#x1787;&#x17D0;&#x1799;&#x1787;&#x17C6;&#x1793;&#x17C7;&#x17A0;&#x17BE;&#x1799;&#x1793;&#x17B6;&#x1784;&#x1780;&#x17CF;&#x1794;&#x17B6;&#x1793;&#x1785;&#x17C6;&#x179B;&#x1784;&#x179B;&#x17C4;&#x1780;&#x1793;&#x17C1;&#x1793;&#x1786;&#x17D2;&#x179B;&#x1784;&#x1791;&#x17BA;&#x1780;&#x178F;&#x17C2;&#x1794;&#x17B6;&#x1793;&#x1787;&#x17BD;&#x1794;&#x1793;&#x17BA;&#x1784;&#x1794;&#x1785;&#x17D2;&#x1785;&#x17B6;&#x1798;&#x17B7;&#x178F;&#x17D2;&#x178F; &#x17D4; &#x1793;&#x17B6;&#x1784;&#x1780;&#x17CF;&#x179B;&#x17C1;&#x1794;&#x179B;&#x17C4;&#x1780;&#x1793;&#x17C1;&#x1793;&#x178A;&#x17BE;&#x1798;&#x17D2;&#x1794;&#x17BE;&#x1794;&#x17D2;&#x179A;&#x1799;&#x17BB;&#x1791;&#x17D2;&#x1792; &#x178F;&#x17C2;&#x17A2;&#x1780;&#x17BB;&#x179F;&#x179B;&#x179B;&#x17C4;&#x1780;&#x1793;&#x17C1;&#x1793;&#x1780;&#x17CF;&#x1794;&#x17B6;&#x1793;&#x179F;&#x17BB;&#x1782;&#x178F;&#x1794;&#x17B6;&#x178F;&#x17CB;&#x1791;&#x17C5;&#x17D4;</subfield>
  </datafield>
  <datafield tag="520" ind1=" " ind2=" ">
    <subfield code="a">In the past, there was a crocodile named Neang Orey, a crocodile of a monk. This crocodile was big but lost to another crocodile named Sopon Kali. She pretended to be Mr. Nen to beg for a local boat. When she reached the shore, she turned into a crocodile and swam towards the Kali crocodile.The crocodile Sophon Kali died and was born in a mountain called Sopol Kalali. She swallowed Nen to fight, but unfortunately Nen died.</subfield>
  </datafield>
  <datafield tag="521" ind1="8" ind2=" ">
    <subfield code="a">520 
</subfield>
    <subfield code="b">Lexile estimate 
</subfield>
  </datafield>
  <datafield tag="521" ind1="8" ind2=" ">
    <subfield code="a">K 
</subfield>
    <subfield code="b">Raz-Plus 
</subfield>
  </datafield>
  <datafield tag="650" ind1=" " ind2=" ">
    <subfield code="a">&#x179B;&#x17C4;&#x1780;&#x1793;&#x17C1;&#x1793;</subfield>
  </datafield>
  <datafield tag="650" ind1=" " ind2=" ">
    <subfield code="a">monk</subfield>
  </datafield>
  <datafield tag="700" ind1=" " ind2=" ">
    <subfield code="a">San, Thai</subfield>
    <subfield code="e">illustrator </subfield>
  </datafield>
  <datafield tag="942" ind1=" " ind2=" ">
    <subfield code="2">ddc</subfield>
    <subfield code="c">KHB</subfield>
    <subfield code="n">0</subfield>
  </datafield>
  <datafield tag="999" ind1=" " ind2=" ">
    <subfield code="c">4562</subfield>
    <subfield code="d">4562</subfield>
  </datafield>
  <datafield tag="952" ind1=" " ind2=" ">
    <subfield code="0">0</subfield>
    <subfield code="1">0</subfield>
    <subfield code="2">ddc</subfield>
    <subfield code="4">0</subfield>
    <subfield code="7">0</subfield>
    <subfield code="8">Khmer-English Bilingual </subfield>
    <subfield code="a">002</subfield>
    <subfield code="b">002</subfield>
    <subfield code="c">TTP Khmer</subfield>
    <subfield code="d">2024-09-16</subfield>
    <subfield code="l">0</subfield>
    <subfield code="o">SOT PZ7 200 </subfield>
    <subfield code="p">FIS03899</subfield>
    <subfield code="r">2024-09-16 16:34:20</subfield>
    <subfield code="t">1</subfield>
    <subfield code="w">2024-09-16</subfield>
    <subfield code="y">KHB</subfield>
  </datafield>
  <datafield tag="952" ind1=" " ind2=" ">
    <subfield code="0">0</subfield>
    <subfield code="1">0</subfield>
    <subfield code="2">ddc</subfield>
    <subfield code="4">0</subfield>
    <subfield code="7">0</subfield>
    <subfield code="8">Khmer-English Bilingual </subfield>
    <subfield code="a">002</subfield>
    <subfield code="b">002</subfield>
    <subfield code="c">TTP Khmer</subfield>
    <subfield code="d">2024-09-16</subfield>
    <subfield code="l">0</subfield>
    <subfield code="o">SOT PZ7 200 </subfield>
    <subfield code="p">FIS04333</subfield>
    <subfield code="r">2024-09-20 13:29:34</subfield>
    <subfield code="t">2</subfield>
    <subfield code="w">2024-09-16</subfield>
    <subfield code="y">KHB</subfield>
  </datafield>
  <datafield tag="952" ind1=" " ind2=" ">
    <subfield code="0">0</subfield>
    <subfield code="1">0</subfield>
    <subfield code="2">ddc</subfield>
    <subfield code="4">0</subfield>
    <subfield code="7">0</subfield>
    <subfield code="8">Khmer-English Bilingual </subfield>
    <subfield code="a">002</subfield>
    <subfield code="b">002</subfield>
    <subfield code="c">TTP Khmer</subfield>
    <subfield code="d">2025-10-09</subfield>
    <subfield code="l">0</subfield>
    <subfield code="o">SOT PZ7 200 </subfield>
    <subfield code="p">FIS05382</subfield>
    <subfield code="r">2025-10-09 14:20:52</subfield>
    <subfield code="t">3</subfield>
    <subfield code="w">2025-10-09</subfield>
    <subfield code="y">KHB</subfield>
  </datafield>
  <datafield tag="952" ind1=" " ind2=" ">
    <subfield code="0">0</subfield>
    <subfield code="1">0</subfield>
    <subfield code="2">ddc</subfield>
    <subfield code="4">0</subfield>
    <subfield code="7">0</subfield>
    <subfield code="8">Khmer-English Bilingual </subfield>
    <subfield code="a">002</subfield>
    <subfield code="b">002</subfield>
    <subfield code="c">TTP Khmer</subfield>
    <subfield code="d">2025-10-23</subfield>
    <subfield code="l">0</subfield>
    <subfield code="o">SOT PZ7 200 </subfield>
    <subfield code="p">2025-4718</subfield>
    <subfield code="r">2025-10-23 13:21:02</subfield>
    <subfield code="t">4</subfield>
    <subfield code="w">2025-10-23</subfield>
    <subfield code="y">KHB</subfield>
  </datafield>
  <datafield tag="952" ind1=" " ind2=" ">
    <subfield code="0">0</subfield>
    <subfield code="1">0</subfield>
    <subfield code="2">ddc</subfield>
    <subfield code="4">0</subfield>
    <subfield code="7">0</subfield>
    <subfield code="8">Khmer-English Bilingual </subfield>
    <subfield code="a">002</subfield>
    <subfield code="b">002</subfield>
    <subfield code="c">TTP Khmer</subfield>
    <subfield code="d">2025-10-24</subfield>
    <subfield code="l">0</subfield>
    <subfield code="o">SOT PZ7 200 </subfield>
    <subfield code="p">FIS04283</subfield>
    <subfield code="r">2025-10-24 15:21:27</subfield>
    <subfield code="t">5</subfield>
    <subfield code="w">2025-10-24</subfield>
    <subfield code="y">KHB</subfield>
  </datafield>
  <datafield tag="952" ind1=" " ind2=" ">
    <subfield code="0">0</subfield>
    <subfield code="1">0</subfield>
    <subfield code="2">ddc</subfield>
    <subfield code="4">0</subfield>
    <subfield code="7">0</subfield>
    <subfield code="8">Khmer-English Bilingual </subfield>
    <subfield code="a">002</subfield>
    <subfield code="b">001</subfield>
    <subfield code="c">TTP Khmer</subfield>
    <subfield code="d">2025-11-21</subfield>
    <subfield code="l">1</subfield>
    <subfield code="o">SOT PZ7 200 </subfield>
    <subfield code="p">2025-4870</subfield>
    <subfield code="r">2026-04-24 15:59:21</subfield>
    <subfield code="s">2026-02-06</subfield>
    <subfield code="t">6</subfield>
    <subfield code="w">2025-11-21</subfield>
    <subfield code="y">KHB</subfield>
  </datafield>
</record>
